ARRUPE JESUIT UNIVERSITY

CORONAVIRUS -STOP THE SPREAD - CLEAN,DISINFECT,COVER

Ernst Cassirer : (Record no. 126379)

MARC details
000 -LEADER
fixed length control field 01142cam a2200301 a 4500
001 - CONTROL NUMBER
control field 2597944
003 - CONTROL NUMBER IDENTIFIER
control field ARRUPE
005 - DATE AND TIME OF LATEST TRANSACTION
control field 20170411091706.0
008 - FIXED-LENGTH DATA ELEMENTS--GENERAL INFORMATION
fixed length control field 970605s1997 inuc b 001 0 eng
010 ## - LIBRARY OF CONGRESS CONTROL NUMBER
LC control number 97022281
020 ## - INTERNATIONAL STANDARD BOOK NUMBER
International Standard Book Number 0268009376 (pbk. : alk. paper)
040 ## - CATALOGING SOURCE
Original cataloging agency DLC
Transcribing agency DLC
Modifying agency DLC
050 00 - LIBRARY OF CONGRESS CALL NUMBER
Classification number B3216.C34
Item number I88 1997
082 00 - DEWEY DECIMAL CLASSIFICATION NUMBER
Classification number 193
Edition number 21
300 ## - PHYSICAL DESCRIPTION
Other physical details port. ;
Dimensions 21 cm.
100 1# - MAIN ENTRY--PERSONAL NAME
Personal name Itzkoff, Seymour W.
9 (RLIN) 29749
245 10 - TITLE STATEMENT
Title Ernst Cassirer :
Remainder of title scientific knowledge and the concept of man /
Statement of responsibility, etc Seymour W. Itzkoff.
250 ## - EDITION STATEMENT
Edition statement 2nd ed.
260 ## - PUBLICATION, DISTRIBUTION, ETC. (IMPRINT)
Place of publication, distribution, etc Notre Dame, Ind. :
Name of publisher, distributor, etc University of Notre Dame Press,
Date of publication, distribution, etc 1997.
300 ## - PHYSICAL DESCRIPTION
Extent xxxvii, 286 p. :
504 ## - BIBLIOGRAPHY, ETC. NOTE
Bibliography, etc Includes bibliographical references (p. 253-280) and index.
600 10 - SUBJECT ADDED ENTRY--PERSONAL NAME
Personal name Cassirer, Ernst,
Dates associated with a name 1874-1945.
9 (RLIN) 20247
650 #0 - SUBJECT ADDED ENTRY--TOPICAL TERM
Topical term or geographic name as entry element Knowledge, Theory of.
9 (RLIN) 29750
650 #0 - SUBJECT ADDED ENTRY--TOPICAL TERM
Topical term or geographic name as entry element Philosophical anthropology.
9 (RLIN) 29751
906 ## - LOCAL DATA ELEMENT F, LDF (RLIN)
a 7
b cbc
c orignew
d 1
e ocip
f 19
g y-gencatlg
942 ## - ADDED ENTRY ELEMENTS (KOHA)
Source of classification or shelving scheme Library of Congress Classification
Koha item type Monograph ( Printed materials)
Holdings
Withdrawn status Lost status Source of classification or shelving scheme Damaged status Not for loan Collection code Home library Current library Shelving location Date acquired Total Checkouts Full call number Barcode Date last seen Price effective from Koha item type
    Library of Congress Classification     Main Collection ARRUPE LIBRARY ARRUPE LIBRARY Main Collection 11/04/2017   B3216.C34188 1997 46500025505 11/04/2017 11/04/2017 Monograph ( Printed materials)

 

Arrupe Library. PO Box MP320 Mt Pleasant, Harare, Zimbabwe
263 242 745411|librarian@aju.ac.zw